Naše novinky tyždenník pre sociálnu výchovu, spravodlivosť a lásku

Podrobná bibliografia
Médium: Časopis
Jazyk:slovenčina
Fyzický popis:4 zv. 30 cm
Vydavateľské údaje: Ružomberok Ústredie SMBS 1937-1940
Predmet:

MARC

LEADER 00000cas a2200000 a 4500
001 vtls010300269
003 SK-MaSNL
005 20260228163016.0
008 110810d19371940xo er|p 0 b0slo
040 |a SNK  |b slo  |c SNK  |e AACR2 
041 0 |a slo 
044 |a xo  |c SK 
072 7 |a 37  |x Výchova a vzdelávanie  |2 konspekt 
072 7 |a 316  |x Sociológia  |2 konspekt 
080 |a 37.035  |2 2001 
080 |a 316  |2 2001 
080 |a 050  |2 2001 
080 |a 272  |2 2001 
245 0 0 |a Naše novinky  |b tyždenník pre sociálnu výchovu, spravodlivosť a lásku 
260 |a Ružomberok  |b Ústredie SMBS  |c 1937-1940 
300 |a 4 zv.  |c 30 cm 
310 |a 2x mesačne  |b 1940 
321 |a 1x týždenne  |b -53/1939 
362 0 |a Roč. I, č. 1 (1937)-roč. IV, č. 21 (1940) 
500 |a Zmena podnázvu od 1/1940: sociálny dvojtýždenník 
500 |a Zodp. red.: ?-43/1939, Izidor Štefík ; 44-45/1939-21/1940, Matej Marko 
500 |a Vyd. Ústredie SMBS 
500 |a Tlač. Lev v Ružomberku 
525 |a Od 3/1940 vychádzala v každom čísle príloha Dejiny pápežov podľa rovnomenného diela svetoznámeho dejepisca Ľudovíta von Pastora (do 21. čísla, nedokončené) 
650 0 7 |a náboženstvo  |2 SNKPH  |9 2023 
650 0 7 |a sociálna výchova  |2 SNKPH  |9 50063 
650 0 7 |a sociológia  |2 SNKPH  |9 1010 
655 7 |a náboženské časopisy  |2 SNKPH  |9 70790 
700 1 |a Štefík, Izidor,  |d 1907-1975  |4 lso  |9 176068 
700 1 |a Marko, Matej  |4 lso  |9 45554 
910 |a snk 
916 |a 1939-1940 
958 |a OND 
999 |c 8715  |d 10645 
952 |0 0  |1 0  |4 0  |7 0  |a SNK  |b SNK  |d 1999-09-21  |f 1  |i snk2543/44  |l 0  |o snkČSB 340/4/1940  |p 17A0210602  |r 2005-01-02 00:00:00  |t č. 1- 21  |w 2026-02-21  |y PREZ 
952 |0 0  |1 0  |4 0  |7 0  |a SNK  |b SNK  |d 2006-02-16  |f 1  |i snk2542/44  |l 0  |o snkČSB 340/3/1939  |p 17A0498071  |r 2026-02-21 19:47:03  |t č. 1-53  |w 2026-02-21  |y PREZ 
952 |0 0  |1 0  |3 č. 1-53: 3. roč.; č. 1-21:4. roč.  |4 0  |7 0  |8 5  |a SNK  |b SNK  |d 2011-03-01  |i snkF 2966/80  |l 0  |o snkČSB 340/3/1939 D1  |p 17A0693216  |r 2026-02-21 20:05:35  |t č. 1-53: 3. roč.; 1-21:4. roč.  |w 2026-02-21  |y PREZ